[Event "ARG-chT8 fin email"]
[Site "LADAC email"]
[Date "2006.01.08"]
[Round "?"]
[White "Coronel, Gabriel"]
[Black "Vaca, Eduardo Augusto"]
[Result "1-0"]
[WhiteElo "2154"]
[BlackElo "2187"]
[PlyCount "36"]
[EventDate "2006.01.01"]
[EventType "tourn (corr)"]
[EventRounds "11"]
[EventCountry "ARG"]
[SourceTitle "Corr 2011"]
[Source "ChessBase"]
[SourceDate "2010.08.31"]
[SourceVersion "1"]
[SourceVersionDate "2010.08.31"]
[SourceQuality "1"]

1. Nf3 Nf6 2. g3 d5 3. Bg2 c6 4. 0-0 Nbd7 5. d3 e5 6. Nbd2 Bd6 7. e4 0-0 8. Re1 Re8 9. c3 dxe4 10. Nxe4 Nxe4 11. dxe4 Qe7 12. h3 Bc5 13. Nh4 Nb6 14. Nf5 Qf6 15. Qf3 Kh8 16. Rd1 Be6 17. b3 Red8 18. Be3 Rxd1+ 1-0